Quem fica comigo logo à noite? (Record no. 45006)

MARC details
000 -Etiqueta do registo
Valores 00616cam a2200217 4500
010 ## - Número ISBN
ISBN 9722505262
021 ## - Número do Depósito Legal
Número 49139/91
100 ## - Dados gerais de processamento
Dados gerais 19920128d1991 bc y0pory5003 ba
101 1# - Língua de publicação
Língua por
102 ## - País de publicação
País PT
200 1# - Titulo e menção de responsabilidade
Título próprio Quem fica comigo logo à noite?
Primeira menção de responsabilidade Véronique Chéneau
Outras menções de responsabilidade trad. Carmen de Carvalho
210 #9 - Publicação
Local de publicação Venda Nova
Nome do editor Bertrand,
Data de publicação imp. 1991
215 ## - Descrição física 
Paginação / Volumes [16] p.
Outras indicações físicas muito il.
Dimensões 23 cm
304 ## - Nota relativa ao título
Texto de nota Tít. orig.: Qui me garde ce soir?
675 ## - CDU
Notação 087.5
Edição BN
Língua por
700 #1 - Autor principal
Apelido Cheneau,
Nome Véronique,
Datas 1961-
702 #1 - Autor secundário
Apelido Carvalho,
Nome Carmen de
Função 730
801 #0 - Fonte de origem
País PT
Agência BN
Regras de catalogação RPC
990 ## - Elementos KOHA
Tipo de documento Livro
Holdings
Aquisição Empréstimo Código de barras Cota Permissão de empréstimo Tipo de documento
Biblioteca Municipal de Redondo Biblioteca Municipal de Redondo 055192 82-93 CHÈ   Livro

Powered by Koha